000 00915nam0a22002531 4500
001 rc\4764523
005 20260406082510.0
021 _aRU
_b[62-56127]
035 _a(NLR Aleph) 008997947
090 _a9288597
_c9288597
100 _a20130417d1962 |||y0rusy50 ca
101 1 _arus
_curd
102 _aRU
105 _aa z |||||
200 1 _aСад и весна
_eИстория четырех дервишей
_fПер. с урду [и предисл.] Г.А. Зографа
_g[Акад. наук СССР. Ин-т народов Азии]
210 _a[Москва
_cИзд-во вост. лит.
_d1962]
215 _a264 с.
_cил.
_d21
700 0 _7ca
_8rus
_aМир Амман
_f2-я пол.18-нач.19 вв.
_3RU\NLR\AUTH\770277220
_92649187
702 1 _aЗограф
_bГ.А.
_4730
_4080
801 0 _aRU
_bNLR
_gpsbo
801 1 _aRU
_bELAR
_2rusmarc
852 _aNLR
_j62-3/3771
942 _cBOOK
980 _aNB